000 01204nam a22002537a 4500
008 100824s1991 xxu||||| |||| 00| 0 ara d
020 _a977257067x
082 _222
_a070.1
_bن ص ا
100 1 _917675
_aنصار ، سهام
245 _aالصحافة الإسرائيلية :
_bوالدعاية الصهيونية في مصر /
_cسهام نصار
260 _aالقاهرة :
_bالزهراء للإعلام العربي ،
_c1991.
300 _a451 ص ؛
_c24 سم.
504 _aيحتوى على إرجاعات ببليوجرافية
541 _aألف باء ؛
_cشراء ؛
650 _914741
_aالدعاية
650 _98345
_aاليهودية
650 _913307
_aالصهيونية
650 _917677
_aالشخصية الإسرائيلية
650 _917678
_aالصحافة اليهودية
650 _917679
_aالدعاية الصهيونية
942 _2ddc
_cBB
999 _c14688
_d14688